[Event "Prague Festival Open 2019"]
[Site "Prague"]
[Date "2019.03.10"]
[Round "2.4"]
[White "Bernadskiy, Vitaliy"]
[Black "Malik, Jan"]
[Result "1-0"]
[WhiteElo "2581"]
[BlackElo "2304"]
[Annotator "TA"]
[PlyCount "113"]
[EventDate "2019.02.28"]
[EventType "tourn"]
[EventCountry "CZE"]
[SourceTitle "playchess.com"]
[Source "ChessBase"]
[SourceQuality "1"]

{[%evp 29,113,20,24,8,31,0,0,0,0,1,21,47,63,52,97,105,103,97,96,94,107,101,95,89,104,99,97,22,128,79,1048,1048,1935,112,201,207,191,190,188,191,195,144,237,248,197,27,17,57,138,18,17,27,27,45,31,36,184,203,182,186,283,256,534,534,495,461,577,524,792,779,750,849,1509,777,2364,2312,2035,2211,2083,2058,2710,2561,3068,2696,2500,2495]} 1. e4 c5 2. Nf3 d6 3. Bb5+ Bd7 4. Bxd7+ Qxd7 5. O-O Nf6 6. Qe2 Nc6 7. c3 e6 8. d4 cxd4 9. cxd4 d5 10. e5 Ne4 11. Be3 Be7 12. Ne1 f6 13. f3 Ng5 14. Nd3 O-O 15. Nd2 {B52: Sicilian: Moscow Variation with 3...Bd7} b6 {LiveBook: 10 Games} (15... Rac8 16. Rac1 b6 17. Bf2 Nf7 18. f4 f5 19. Nf3 Rc7 20. h3 Rfc8 21. g4 Nh6 22. g5 Nf7 23. Be3 Nb4 24. Rxc7 {½-½ (24) Stellwagen,D (2622)-Areshchenko,A (2710) Germany 2013}) 16. a3 Rac8 17. Rae1 $146 {White is slightly better.} ({Predecessor:} 17. b4 Rc7 18. Rac1 Rfc8 19. Nb3 Nf7 20. Qb2 Ncd8 21. Rxc7 Rxc7 22. Re1 Qc8 {1-0 (40) Rosso,P (2339)-Mueller Alves,M (2307) LSS email 2010}) 17... fxe5 18. dxe5 Nf7 19. f4 Nh6 20. g4 d4 21. Bf2 Na5 22. h3 $1 Rc2 23. Qd1 Rfc8 24. Re4 {[%cal Be1e4,Be4d4,Bd4d7][%mdl 32]} Qb5 25. Nf3 $1 Nb3 26. Nxd4 Nxd4 27. Rxd4 (27. Bxd4 Qd5 $15) 27... Nf7 28. a4 (28. Re1 $16) 28... Qb3 (28... Qc6 $11) 29. Rd7 $36 {[%mdl 2048] White has strong initiative.} Bc5 $2 {[%mdl 8192]} (29... Bf8 $16) 30. Nxc5 $18 R8xc5 {[#]} 31. f5 $2 (31. Rd8+ $1 $18 {[%mdl 512]} Nxd8 32. Qxd8+ Kf7 33. f5) 31... Rd5 (31... Rc8 $16 {was worth a try.}) 32. Rxd5 exd5 33. Re1 $1 Ng5 34. Re3 Qc4 {[#] ...Rc1 is the strong threat.} 35. Qd3 $1 Rc1+ (35... Ne4 $16 {was called for.}) 36. Kg2 Qc6 {[#]} 37. Qd4 $2 (37. h4 $1 $18 {[%cal Rh4g5]} d4+ 38. Kg3 dxe3 39. Qd8+ (39. hxg5 Qc7 $16) 39... Kf7 40. hxg5) 37... Rc4 $1 $11 {[%cal Rc4d4]} 38. Rc3 Qb7 ({Black should try} 38... h5 $1 $14) 39. Rxc4 (39. Qd3 $16) 39... dxc4+ 40. Kf1 $1 Qh1+ 41. Ke2 {Hoping for Qd8+.} Qf3+ 42. Kd2 h6 (42... Ne4+ $14 43. Kc1 h5) 43. Be3 {Black must now prevent Bxg5.} Ne4+ 44. Kc2 Qe2+ (44... Kh7 {is a better defense.} 45. Kb1 c3) 45. Kb1 $18 Qd3+ $2 (45... Qf1+ {keeps fighting.} 46. Ka2 Qd3 47. Qxd3 cxd3) 46. Qxd3 {White is clearly winning.} cxd3 {[%mdl 4096] Endgame KB-KN} 47. Kc1 Kf7 48. b4 {[%cal Bb2b4,Bb4b5][%mdl 32]} Ke7 49. b5 Kd7 50. h4 {[%cal Bh3h4,Bh4h5][%mdl 32]} Ke8 51. Bd4 Ke7 52. h5 Kf7 53. e6+ Kf8 54. Be5 Nf2 55. Kd2 Nxg4 56. Bb8 Ke7 57. Kxd3 {Precision: White = 59%, Black = 22%.} 1-0

[Event "Prague Festival Open 2019"]
[Site "Prague"]
[Date "2019.03.10"]
[Round "2.5"]
[White "Kueppers, Timo"]
[Black "Vorobiov, Evgeny E."]
[Result "1-0"]
[WhiteElo "2303"]
[BlackElo "2566"]
[Annotator "TA"]
[PlyCount "73"]
[EventDate "2019.02.28"]
[EventType "tourn"]
[EventCountry "CZE"]
[SourceTitle "playchess.com"]
[Source "ChessBase"]
[SourceQuality "1"]

{[%evp 13,73,11,4,-21,-21,-48,-27,-51,-28,-50,-55,-39,-55,-68,-37,-42,-36,-37,-47,-41,-34,-35,-39,-33,-25,-52,-14,-40,-41,-45,-57,-68,-35,-40,-11,-11,0,-19,-9,-8,-11,-10,-9,-53,0,-46,-26,-124,-8,-8,-9,-8,56,49,52,0,599,589,580,553,850,820]} 1. c4 Nf6 2. Nc3 e6 3. Nf3 d5 4. cxd5 exd5 5. d4 Bb4 6. Qa4+ Nc6 7. Bg5 h6 8. Bh4 {D38: Queen's Gambit Declined: Ragozin Defence (4 Nf3 Bb4)} (8. Bxf6 Qxf6 9. e3 O-O 10. Rc1 Be6 11. a3 Bd6 12. Nb5 a6 13. Nxd6 cxd6 14. Be2 Rfc8 15. O-O b5 16. Qb3 Qd8 17. Qa2 Na5 18. b3 Rxc1 19. Rxc1 {½-½ (51) Akobian,V (2647)-Bu,X (2730) Riadh 2017}) 8... g5 9. Bg3 Ne4 10. Rc1 {Black has an edge.} h5 {[#] Threatens to win with ...h4.} 11. Ne5 $1 Bd7 12. Nxd7 Qxd7 ({Don't play} 12... Nxg3 $6 13. hxg3 Qxd7 14. e3 $16) 13. f3 $1 {[%cal Rf3e4]} Bxc3+ 14. bxc3 Nxg3 15. hxg3 Qd6 16. Kf2 $146 ({Predecessor:} 16. Rh3 O-O-O {0-1 (32) Johansson,V (2160)-Solin,N (2200) Helsingborg 1991}) 16... h4 17. gxh4 Rxh4 18. Rxh4 gxh4 19. e3 Qg3+ 20. Ke2 O-O-O 21. Rb1 Rd6 22. Qb5 Nd8 23. Qd3 Rf6 24. Qh7 c6 25. Qh5 Re6 26. Qf5 Kc7 27. Rc1 Re7 28. Rc2 b5 ({Better is} 28... Ne6 $15 29. Kd1 Ng5) 29. a4 {Black should prevent axb5.} (29. Qf6 $5 {[%cal Rf6e7]} Re8 30. Qf5 $11) 29... bxa4 30. c4 (30. Qf6 $11 Re8 31. Qf5) 30... h3 (30... Ne6 $17 {aiming for ...Nxd4+.} 31. Qe5+ Qxe5 32. dxe5 Kb6 33. cxd5 cxd5) 31. gxh3 $11 Qh2+ 32. Kd3 $132 {[%mdl 2048] White is not holding back} Qg1 ({Black should play} 32... dxc4+ $11 33. Rxc4 Qf2 34. Qf4+ Kd7) 33. Qf4+ $14 Kb7 34. Be2 (34. Rb2+ $1 $14 Kc8 35. Rb8+ Kd7 36. Qg4+ Qxg4 37. fxg4 dxc4+ 38. Kxc4) 34... Ne6 $2 {[%mdl 8192]} (34... Qb1 $11 35. cxd5 a3) 35. Rb2+ $18 {White is clearly winning.} Ka6 36. Qd6 $1 {[%csl LRc6,LRd5,LRe7][%mdl 64] [#] Double Attack} Nc5+ 37. Kc2 {Accuracy: White = 46%, Black = 38%.} 1-0

[Event "Prague Festival Open 2019"]
[Site "Prague"]
[Date "2019.03.10"]
[Round "2.6"]
[White "Stefansson, Hannes"]
[Black "Yandarbiev, Ruslan"]
[Result "1-0"]
[WhiteElo "2523"]
[BlackElo "2302"]
[Annotator "TA"]
[PlyCount "119"]
[EventDate "2019.02.28"]
[EventType "tourn"]
[EventCountry "CZE"]
[SourceTitle "playchess.com"]
[Source "ChessBase"]
[SourceQuality "1"]

{[%evp 27,119,68,87,85,73,-125,-118,-114,-113,-115,0,0,7,4,0,7,9,7,28,27,25,12,62,75,74,93,91,20,33,34,27,0,0,0,144,0,0,0,0,0,0,0,0,0,0,0,0,0,596,555,1029,996,710,942,929,894,844,653,644,589,910,774,970,934,866,776,641,599,995,364,12799,12802,29976,29977,29974,2328,29979,29980,29974,29980,29981,29982,29982,29983,29984,29981,29984,29985,29986,29987,29988,29989,29989,29990]} 1. d4 Nf6 2. c4 g6 3. g3 Bg7 4. Bg2 d6 5. Nf3 O-O 6. O-O Nbd7 7. Nc3 e5 8. e4 c6 9. b3 exd4 10. Nxd4 Re8 11. h3 Nc5 12. Re1 a5 13. Bf4 Nh5 14. Be3 Nf6 {[%cal Rc5e4]} 15. Qc2 {E69: King's Indian: Fianchetto: 6...Nbd7 7 0-0 e5 8 e4 c6 9 h3} Bd7 (15... Qe7 16. f4 h5 17. Bf2 Ne6 18. Nf3 Qc7 19. Rad1 b6 20. e5 dxe5 21. Nxe5 Bb7 22. h4 Rad8 23. Rxd8 Rxd8 24. Nxg6 {½-½ (58) Navara,D (2663)-Movsesian,S (2645) Prague 2005}) 16. f4 $146 (16. Rad1 $16 {stays on course.}) ({Predecessor:} 16. Rad1 Qc8 17. Kh2 Re5 18. f3 d5 19. exd5 cxd5 20. Nxd5 Nxd5 21. cxd5 Rh5 22. g4 Rxd5 {1-0 (37) Miezis,N (2434)-Troyke,C (2348) Katowice 2017}) 16... Nfxe4 17. Nxe4 {Black is better.} Nxe4 18. Bxe4 f5 (18... d5 $1 $17 19. cxd5 cxd5 20. Bxg6 (20. Bxd5 Rxe3 {[%mdl 64] Remove Defender} 21. Rxe3 Bxd4 $17) 20... hxg6) 19. Bxc6 $1 $11 Bxc6 20. Nxc6 bxc6 21. Rad1 Qd7 22. Qd3 Re6 23. Bf2 {Threatening Rxe6.} Rae8 24. Kf1 Qb7 25. Rxe6 Rxe6 26. Re1 $1 {[%cal Re1e6]} Kf7 {[#]} 27. Qf3 (27. g4 $1 $16) 27... d5 28. Rxe6 Kxe6 29. Qe3+ Kf7 30. Qc5 a4 (30... Bf8 $11 {keeps the balance.} 31. Qd4 Bg7) 31. bxa4 (31. cxd5 $16 cxd5 32. bxa4) 31... Qb1+ 32. Kg2 Qe4+ {[%mdl 64] Double Attack} 33. Kg1 {cxd5 is the strong threat.} dxc4 34. a5 {[%cal Ba4a5,Ba5a6,Ba6a7][%mdl 32] Strongly threatening a6.} c3 {aiming for ...c2.} 35. a6 $36 {[%mdl 2048] White has good play.} c2 {Hoping for ...Bd4!} 36. a7 $1 {[%cal Ra7a8]} Bd4 $1 {( -> ...Qe1+)} 37. Qc4+ Qd5 $2 {[%mdl 8192]} (37... Ke7 $11 {and Black has nothing to worry.} 38. Bxd4 c1=Q+ 39. Qxc1 Qxd4+ {[%mdl 64] Double Attack} 40. Kf1 Qxa7) 38. Qxc2 $18 Bxf2+ 39. Qxf2 {[%mdl 4096] Endgame KQ-KQ} ({And not} 39. Kxf2 Qd4+ 40. Kf3 Qxa7 $11) 39... Qa5 40. Qd4 Qe1+ 41. Kg2 Qe2+ {[#]} 42. Qf2 $1 {[%cal Rf2e2]} Qa6 43. g4 h6 44. gxf5 gxf5 {[#]} 45. a3 $1 {[%mdl 512]} Qxa3 46. Qb6 {Black must now prevent Qb7+.} Qa4 47. Kg3 {Threatens to win with Qb7+.} Qa3+ 48. Kf2 $2 (48. Kh4 {Threatening mate with Qb7+.} Qe7+ 49. Kh5 Qe2+ 50. Kxh6 Qe6+ 51. Kh5 Qg6+ 52. Kh4 Qf6+ 53. Kg3 Qc3+ 54. Kg2 Qc2+ 55. Kf3 Qe4+ 56. Kg3 Qe1+ 57. Qf2) 48... Qa2+ $2 (48... Qa4 49. Qc7+ (49. Qb7+ Kg6 $18) 49... Kg6 50. Qd6+ Kh5) 49. Ke3 Qe6+ 50. Kd2 Qa2+ 51. Kd3 (51. Kc3 $142 Qa1+ 52. Kc2 Qa2+ 53. Kc3 Qa1+ 54. Kb4 Qe1+ 55. Kc5 Qc1+ 56. Kd6 Qxf4+ 57. Kd7 Qd2+ 58. Kc8) 51... Qd5+ 52. Kc3 {White mates.} Qf3+ 53. Kb2 Qe2+ 54. Ka3 Qe7+ 55. Ka4 Qe4+ 56. Ka5 c5 57. Ka6 Qa4+ 58. Kb7 Qe4+ 59. Qc6 Qb4+ 60. Kc8 {Accuracy: White = 63%, Black = 48%.} 1-0

[Event "Prague Festival Open 2019"]
[Site "Prague"]
[Date "2019.03.10"]
[Round "3.1"]
[White "Van den Doel, Erik"]
[Black "Rakotomaharo, Fy Antenaina"]
[Result "1/2-1/2"]
[WhiteElo "2610"]
[BlackElo "2409"]
[Annotator "TA"]
[PlyCount "89"]
[EventDate "2019.02.28"]
[EventType "tourn"]
[EventCountry "CZE"]
[SourceTitle "playchess.com"]
[Source "ChessBase"]
[SourceQuality "1"]

{[%evp 19,89,0,6,0,0,0,6,0,1,0,0,0,0,0,0,0,0,0,12,4,12,14,16,6,16,16,39,0,43,55,80,69,72,82,72,66,70,70,84,70,75,68,60,70,46,61,56,53,81,77,84,30,27,23,24,23,26,29,24,16,16,16,23,6,12,8,12,0,0,0,1,0]} 1. e4 c5 2. Nf3 d6 3. d4 cxd4 4. Nxd4 Nf6 5. Nc3 a6 6. Be2 e5 7. Nf3 Be7 8. Bg5 Be6 9. Bxf6 Bxf6 10. O-O O-O 11. Nd5 {B92: Sicilian Najdorf: 6 Be2} Nd7 12. Bc4 Rc8 13. Qe2 Nb6 14. Nxb6 Qxb6 15. Bb3 {[#]} Rc5 $146 ({Predecessor:} 15... a5 16. Rfd1 a4 17. Bxe6 fxe6 18. Rab1 Be7 {1-0 (41) Fedorchuk,S (2607)-Saric,I (2687) Bastia 2018}) 16. Rfd1 Be7 17. Ne1 a5 18. Qe3 Qc7 19. c3 Rb5 20. Bxe6 fxe6 21. Nd3 d5 22. Re1 Bd6 23. Re2 Rf6 24. Rc1 a4 25. exd5 exd5 26. c4 dxc4 27. Qe4 Qc6 28. Qxc6 ({Much worse is} 28. Qxc4+ $6 Qxc4 29. Rxc4 Rd5 $11) 28... bxc6 29. Rxc4 {[%mdl 64] [#] Double Attack} a3 30. bxa3 ({Wrong is} 30. Rxc6 $2 {[#]} e4 $1 $19 {[%mdl 512]}) 30... Rb1+ 31. Re1 Rxe1+ 32. Nxe1 Bxa3 $14 {[%mdl 4096] Endgame KRB-KRN} 33. Kf1 Be7 34. Nd3 Re6 35. Re4 ({White should play} 35. Ke2 $16) 35... Bd6 $11 36. a4 Re7 37. Ke2 Ra7 38. Rc4 Ra6 39. Ke3 Kf7 40. Ke4 Ke6 41. g3 g6 {The position is equal.} 42. h3 h5 43. g4 hxg4 44. hxg4 Ra8 45. Ne1 {Accuracy: White = 65%, Black = 60%.} 1/2-1/2

[Event "Prague Festival Open 2019"]
[Site "Prague"]
[Date "2019.03.10"]
[Round "3.2"]
[White "Plischki, Sebastian"]
[Black "Sedlak, Nikola"]
[Result "1/2-1/2"]
[WhiteElo "2397"]
[BlackElo "2605"]
[Annotator "TA"]
[PlyCount "121"]
[EventDate "2019.02.28"]
[EventType "tourn"]
[EventCountry "CZE"]
[SourceTitle "playchess.com"]
[Source "ChessBase"]
[SourceQuality "1"]

{[%evp 12,121,36,34,61,52,58,50,60,52,94,85,100,107,111,100,101,99,116,2,3,14,7,7,14,0,0,-6,-4,-21,-13,-57,-31,-28,0,-5,-3,-23,-20,-22,-17,-19,0,-8,-27,-26,-26,-22,-22,-22,-22,-22,0,0,0,0,0,0,0,-9,0,0,0,0,0,-45,0,-37,-14,-111,-81,-156,-147,-131,-66,-43,-7,-132,-35,-54,-46,-53,0,-35,284,-155,-147,-354,-277,-265,0,0,0,0,0,0,0,0,0,0,0,0,0,0,0,0,0,0,0,0,0,0]} 1. Nf3 e6 2. g3 b6 3. Bg2 Bb7 4. O-O Nf6 5. c4 g6 6. Nc3 {A15: English Opening: 1...Nf6} Bg7 7. Re1 {LiveBook: 19 Games} (7. d4 Ne4 8. Bd2 O-O 9. Rc1 c5 10. d5 exd5 11. cxd5 Nxd2 12. Nxd2 d6 13. Nc4 Ba6 14. b3 b5 15. Nd2 {0-1 (29) So,W (2815)-Carlsen,M (2832) chess.com INT 2017}) 7... c5 8. e4 {White is slightly better.} d6 9. d4 {[%cal Bd2d4,Bd4d5][%mdl 32]} O-O 10. d5 e5 11. Rb1 $146 ({Predecessor:} 11. Nh4 Bc8 12. f4 exf4 13. Bxf4 {1-0 (35) Koenig,F (1907)-Lenz,T (1696) Berlin 2006}) 11... Kh8 12. a3 Ng8 13. b4 Nd7 14. Be3 Bh6 15. bxc5 (15. Nb5 $16) 15... Bxe3 $11 16. c6 Bc5 17. Na4 Ngf6 18. cxb7 Rb8 {[%cal Ba8b8,Bb8b7,Bb7c7,Bc7c5][%mdl 32]} 19. Qb3 Rxb7 20. Bh3 Rc7 21. Bxd7 Qxd7 22. Kg2 Ng4 23. Nxc5 Rxc5 24. h3 Nf6 {[%cal Bg4f6,Bf6d7,Bd7c5][%mdl 32]} 25. Qd3 Rfc8 26. Nd2 h5 27. Rf1 h4 28. g4 Qe7 29. a4 Nd7 30. Rb5 Kg8 31. Ra1 R5c7 32. a5 bxa5 33. Rbxa5 Nc5 34. Qe3 a6 35. R5a3 Qf6 36. Rb1 Ra8 37. Rb6 Qd8 38. Nf3 Rcc8 39. Rb1 (39. Qh6 $5 {[%cal Rf3g5]} Nxe4 40. c5 $17) 39... Kg7 40. g5 (40. Nd2 $11) 40... Rcb8 41. Rxb8 (41. Rd1 $142) 41... Rxb8 $17 42. Nxh4 a5 ({Better is} 42... Rb4 $17 43. Nf3 Rxc4) 43. Nf3 $15 Qc7 {[%mdl 1024] Black has compensation.} 44. h4 {[#]} (44. Nd2 $11 {keeps the balance.}) 44... a4 (44... Qc8 $1 $17 {[%cal Rc8g4] Hoping for ...Qg4+.} 45. Nh2 a4) 45. Nd2 $1 Rb2 46. Qc3 Qb6 (46... Qb7 $15) 47. Kf1 (47. h5 $5 gxh5 48. Qf3 $11) 47... Rb3 $2 {[%mdl 8192]} (47... Kg8 $15 {stays ahead.}) 48. Rxb3 $2 ({White has to play} 48. Nxb3 $18 axb3 49. Qf3 Nxe4 50. Qxe4) 48... axb3 $17 {[%cal Ba4b3,Bb3b2][%mdl 32]} 49. f3 $2 (49. Ke2 $17) 49... b2 50. Nb1 {[#]} Na4 $2 (50... Qa6 $1 $19 {Threatens to win with ...Qa2.} 51. Kf2 Qa1) 51. Qa3 $11 {The position is equal.} Qd4 52. Qxd6 Qxc4+ 53. Kg2 Qc2+ 54. Kg3 Qxb1 55. Qf6+ Kg8 56. Qd8+ Kh7 57. Qe7 $1 {[%cal Re7f7]} Qg1+ 58. Kh3 Qf1+ 59. Kg3 Qe1+ 60. Kh3 Kg8 {( -> ...Qh1+)} 61. Qd8+ $1 {Precision: White = 50%, Black = 51%.} 1/2-1/2

[Event "Prague Festival Open 2019"]
[Site "Prague"]
[Date "2019.03.10"]
[Round "3.3"]
[White "Zubov, Alexander"]
[Black "Szotkowski, Jakub"]
[Result "1/2-1/2"]
[WhiteElo "2605"]
[BlackElo "2383"]
[Annotator "TA"]
[PlyCount "94"]
[EventDate "2019.02.28"]
[EventType "tourn"]
[EventCountry "CZE"]
[SourceTitle "playchess.com"]
[Source "ChessBase"]
[SourceQuality "1"]

{[%evp 18,94,40,41,62,33,63,41,66,43,31,29,33,19,30,30,34,0,0,4,0,0,0,-13,12,12,20,25,18,0,0,0,0,0,0,0,102,91,94,105,96,103,152,136,179,177,185,197,184,154,197,194,201,201,188,187,201,200,189,185,486,471,484,225,420,420,504,504,504,497,424,0,0,0,0,0,0,0,0]} 1. d4 Nf6 2. c4 c5 3. d5 b5 4. cxb5 a6 5. bxa6 g6 6. Nc3 Bxa6 7. Nf3 d6 8. g3 Bg7 9. Bg2 Nbd7 10. Rb1 O-O {A58: Benko/Volga Gambit: Lines with 5 bxa6} 11. b3 (11. O-O Qa5 12. Bd2 Rfb8 13. a4 Qd8 14. b3 Bb7 15. Nh4 Nb6 16. e4 Ba6 17. Re1 Nbd7 18. f4 Bd3 19. Rc1 c4 20. e5 {0-1 (41) Rodshtein,M (2699)-Kislinsky,A (2513) Katowice 2017}) 11... Qa5 12. Bd2 $1 Rfb8 {White is slightly better.} 13. a4 Ne8 $146 ({Predecessor:} 13... Qd8 14. Qc2 Nb6 15. Nh4 Bb7 16. e4 Ba6 17. f4 Qc8 18. h3 {0-1 (34) Bures,J (2394)-Kislinsky,A (2462) Czech Republic 2016}) 14. Na2 Qb6 15. O-O Nc7 16. Bc3 Nf6 $1 17. Nh4 Bb7 {[%cal Rc7d5]} 18. e4 e6 19. b4 {a5 is the strong threat.} exd5 20. a5 Qb5 21. e5 $36 {[%mdl 2048] White is pushing.} Ne4 22. Bxe4 dxe4 23. bxc5 Qxc5 24. Qxd6 Ne6 25. Qxc5 Nxc5 26. Rb5 Bd5 (26... Rc8 $11 {remains equal.} 27. Nb4 Nb3) 27. Rxc5 $16 Bxa2 28. Ra1 Be6 29. a6 Bf8 30. Rca5 $1 Rc8 31. Bd4 Rc4 32. Be3 Bb4 {[#]} 33. R5a4 $1 {Black must now prevent Rb1.} Bc3 34. Rxc4 Bxa1 35. Ra4 (35. Rxe4 Rxa6 36. f4 Bc3 $11) 35... Bxe5 {[#]} 36. a7 $1 (36. Rxe4 $6 Bb8 $14) 36... f5 37. Ra5 Bc7 38. Rb5 Rd8 $2 (38... Bc8 39. f3 Kf7 40. fxe4 fxe4) 39. Rb7 $18 Be5 40. Bf4 ({Less strong is} 40. Re7 Bc4 $16) (40. Bb6 $142 Bd5 41. Re7 (41. Bxd8 Bxb7 42. Bb6 Kf8 $11)) 40... e3 $2 (40... Bd5 41. Rb5 Bxf4) 41. fxe3 ({But not} 41. Bxe5 $2 Rd1+ 42. Kg2 Bd5+ 43. Kh3 Bxb7 $19) 41... Rd1+ 42. Kf2 Rd2+ 43. Ke1 Bc3 44. Be5 $2 ({Better is} 44. Rb8+ $18 Kf7 45. a8=Q Rd8+ 46. Kf2 Rd2+ 47. Ke1 Rd8+ 48. Kf1 Rd1+ 49. Kg2 Bd5+ 50. Qxd5+ Rxd5 51. Nf3) 44... Rd4+ $1 $11 {The position is equal.} 45. Kf2 Rd2+ {[%mdl 64] Discovered Attack} 46. Ke1 Rd4+ $1 47. Kf2 Rd2+ {[%mdl 64] Discovered Attack. Accuracy: White = 59%, Black = 50%.} 1/2-1/2

[Event "Prague Festival Open 2019"]
[Site "Prague"]
[Date "2019.03.10"]
[Round "3.4"]
[White "Sokolov, Alexander"]
[Black "Bernadskiy, Vitaliy"]
[Result "1/2-1/2"]
[WhiteElo "2393"]
[BlackElo "2581"]
[Annotator "TA"]
[PlyCount "154"]
[EventDate "2019.02.28"]
[EventType "tourn"]
[EventCountry "CZE"]
[SourceTitle "playchess.com"]
[Source "ChessBase"]
[SourceQuality "1"]

{[%evp 13,154,91,100,56,46,40,57,30,59,55,71,53,58,55,47,47,69,56,60,46,76,4,60,59,45,45,74,68,66,66,97,50,67,39,46,33,50,17,45,11,33,11,11,0,16,-6,0,-6,-6,-6,-6,-6,-6,-6,-6,-6,-6,-6,-6,-6,-6,-6,-6,-6,-6,-6,-6,-6,-6,-6,-6,-6,-6,-6,-6,-187,-6,-6,-6,-6,-6,-6,0,-6,-6,-6,-6,-6,-6,-6,-6,-6,-6,-14,-6,-25,-20,-20,-7,-42,-42,-42,-41,-41,-16,-21,-16,-16,-16,-19,-16,-180,-178,-177,-168,-176,-165,-176,-176,-169,-154,-168,-135,-93,0,-197,0,0,0,0,0,-51,-48,-102,-82,-110,0,0,0,0,0,0,0]} 1. e4 g6 2. d4 Bg7 3. Nc3 d6 4. f4 c6 5. Nf3 Bg4 6. Be3 Qb6 7. Qd2 Nf6 8. e5 {B06: Modern Defence} (8. Be2 {seems wilder.} O-O 9. h3 Bd7 10. g4 a5 11. a3) 8... Nd5 $1 9. Nxd5 cxd5 10. Be2 $146 {White is slightly better.} ({Predecessor:} 10. c4 Bxf3 11. gxf3 e6 12. cxd5 exd5 13. f5 Nc6 14. f4 dxe5 15. fxe5 f6 {0-1 (33) Alsina Leal,D (2428)-Moskalenko,V (2543) Badalona 2006}) 10... O-O 11. c3 Nd7 12. O-O e6 13. h3 Bxf3 14. Bxf3 Qc6 15. a4 {[%cal Ba2a4,Ba4a5][%mdl 32]} Rac8 16. a5 f6 {[%cal Rd6e5]} 17. exd6 (17. c4 $16 Qxc4 18. Bg4) 17... Qxd6 (17... f5 $11) 18. g4 $14 f5 19. g5 Nb8 20. h4 Nc6 21. h5 Rf7 22. Qd3 a6 23. Bd2 (23. h6 $5 {[%cal Rh6g7]} Bf8 24. Bd2 $14) 23... Qc7 24. Rfe1 Re7 $1 25. Qe3 Rce8 26. b4 (26. h6 $5 {[%cal Rh6g7]}) 26... Nd8 {[%cal Bc6d8,Bd8f7,Bf7d6,Bd6e4][%mdl 32]} 27. Bd1 Nf7 $1 28. Rf1 Nd6 29. Be1 Rc8 30. h6 Bf8 31. Rf3 Ne4 32. Ra3 Qb8 33. Kg2 Rec7 34. Be2 Bd6 35. Bf1 Rf8 36. Be2 Qd8 37. Kf1 Qe7 38. Rb3 Rb8 39. Ra3 Qe8 40. Kg2 Rbc8 41. Bf1 Re7 42. Be2 Bb8 43. Qd3 Qd8 44. Kh1 $2 (44. Qe3 $11) 44... Rec7 $2 ({Black should try} 44... Qd6 $1 $19 {White must now prevent ...Nxg5!} 45. Kg2 Qd8) 45. Kg2 Qd6 46. Qe3 Re7 47. Kf1 Rce8 48. Qd3 Qc7 49. Bd1 Nd6 50. Ba4 Rc8 51. Bb3 Qd8 52. Qe2 Ne4 53. Bd1 Bd6 54. Qd3 Qc7 55. Qe3 b6 56. Be2 b5 57. Kg2 Rce8 58. Ra2 Qd8 59. Kf1 Bb8 60. Bd1 Nd6 61. Be2 Nf7 62. Bg3 $2 {[#]} (62. Qd3 $11 {and White is okay.}) 62... Nxg5 $1 $19 {[%mdl 512]} 63. fxg5 Bxg3 $1 64. Rxg3 {And now Bf3 would win.} f4 $1 {[%cal Rf4e3]} 65. Qe5 fxg3 66. Bg4 {Strongly threatening Bxe6+!} Rf7+ 67. Kg2 Qc7 $1 68. Re2 {[#]} Qxc3 (68... Qxe5 $1 $17 69. Rxe5 Rfe7 70. Kxg3 Kf7) 69. Re3 $2 {[#]} (69. Kh3 $1 $11) 69... Qxb4 $2 (69... Qc2+ $1 $19 70. Re2 Qb3) 70. Bxe6 $11 {[#]} Rxe6 $1 71. Qxe6 Qxd4 $19 {[%mdl 4096] Endgame KQR-KQR} 72. Rf3 ({White should play} 72. Re2 $11) 72... Qd2+ $15 {[%mdl 64] Double Attack} 73. Kxg3 Qxg5+ {[%mdl 64] Double Attack} 74. Kf2 Qh4+ (74... Qe7 $17 75. Qxd5 Qh4+ 76. Ke2 Qc4+ 77. Rd3 Qxd5 78. Rxd5 Ra7) 75. Kg2 $11 {The position is equal.} Qe7 76. Qc8+ Qf8 77. Qe6 {Rc3 is the strong threat.} Qe7 {Accuracy: White = 49%, Black = 59%.} 1/2-1/2

[Event "Prague Festival Open 2019"]
[Site "Prague"]
[Date "2019.03.10"]
[Round "3.5"]
[White "Vedrickas, Tautvydas"]
[Black "Stefansson, Hannes"]
[Result "0-1"]
[WhiteElo "2390"]
[BlackElo "2523"]
[Annotator "TA"]
[PlyCount "58"]
[EventDate "2019.02.28"]
[EventType "tourn"]
[EventCountry "CZE"]
[SourceTitle "playchess.com"]
[Source "ChessBase"]
[SourceQuality "1"]

{[%evp 9,58,12,0,0,8,9,14,15,16,-17,-14,-18,-14,-15,28,-33,-33,-47,-38,-121,-108,-127,-104,-245,-106,-89,-38,-77,-34,-29,-20,-19,-55,-62,-3,-10,-20,-14,-24,-104,-114,-269,-243,-873,-868,-839,-834,-1934,-1933,-1840,-1730]} 1. d4 d5 2. c4 e6 3. Nc3 Bb4 4. Qc2 c5 (4... Nf6 5. a3 Bxc3+ 6. Qxc3 O-O 7. Bg5 h6 8. Bxf6 Qxf6 9. Nf3 c6 10. e3 Nd7 11. Rc1 a5 12. Bd3 Re8 13. O-O dxc4 14. Qxc4 e5 15. Bb1 {1-0 (46) Bu,X (2664)-Zhao,X (2553) Biel 2013}) 5. cxd5 exd5 6. a3 {D31: Queen's Gambit Declined: Semi-Slav without ...Nf6 (+ Marshall Gambit and Noteboom) and Exchange Variation lines without ...Nf6} Bxc3+ $146 ({Predecessor:} 6... Qa5 7. axb4 Qxa1 8. Nxd5 Na6 9. e4 Be6 10. Bb5+ Kd8 11. Ne2 Bxd5 12. O-O {1-0 (65) Krysa,L (2457)-Halvax,G (2316) Graz 2015}) 7. Qxc3 cxd4 8. Qxd4 {The position is equal.} Nf6 9. b4 Nc6 10. Qb2 O-O 11. Nf3 Re8 12. e3 ({Better is} 12. Bg5 $1 $11) 12... Bg4 $36 {[%mdl 2048] White is under pressure.} 13. b5 Na5 14. Bd3 (14. Nd4 $15) 14... Bxf3 $1 $17 15. gxf3 d4 {And now ...dxe3 would win.} 16. e4 (16. O-O $17) 16... Nd5 (16... Nd7 $19 {has better winning chances.} 17. Be2 Rc8) 17. Rg1 Qf6 (17... Nc3 $17 {White must now prevent ...Qh4.} 18. Qb4 Rc8) 18. Rg3 g6 19. Bg5 Qe5 20. Kf1 Nf4 21. Rd1 Rac8 ({Black should try} 21... Ne6 $15) 22. Bxf4 $1 $11 Qxf4 23. Qxd4 Red8 24. Qb4 {[#]} (24. Qa4 $11 b6 25. Kg2) 24... Nc4 $1 $17 {[%cal Rc4e5][%mdl 512] Strongly threatening ...Ne5.} 25. Kg2 $2 {[#]} (25. e5 $17 {might work better.}) (25. Bxc4 Rxd1+) 25... Ne5 $1 $19 26. Be2 $2 (26. Qb3 h5 27. h4) 26... Rxd1 {[%mdl 64] Overworked Piece. Black is clearly winning.} 27. Bxd1 {[#]} Nd3 $1 28. Qb3 Qd2 29. e5 Rc1 {Accuracy: White = 20%, Black = 51%.} 0-1